000 00865nam a2200253Ia 4500
003 OSt
005 20220923221030.0
006 a|||||r|||| 00| 0
007 ta
008 220922b |||||||| |||| 00| 0 hin d
024 _a193,991
037 _cTextual
040 _aARTS
_cARTS
_bhin
041 _2hin
_ahin
082 _aO152,3:g, L9
100 _aनारायण सिंह
245 0 _aहिन्दी औपन्यासिक कथानकों के मूल स्त्रोत
246 _aHindī aupanyāsik kathānakoan ke mūl strota
260 _aदिल्ली
_b विभूति प्रका0
_c1979
300 _a184पृ.
_ccm.
650 _aहिन्दी साहित्य
_9156264
942 _hO152,3:g, L9
_cTEXL
_2CC
999 _c346408
_d346408